000 004330000a22001810004500
003 MACL
005 20160129154834.0
008 160129b xxu||||| |||| 00| 0 eng d
040 _aMACL
_cMACL
041 _aEnglish
082 _a823/FRA
100 _aFrank, Anne
_935566
245 _aThe Diary of a Young Girl
260 _bPenguin Books
_c2001
_aNoida
350 _a200
650 _aFiction
_935567
942 _cBK
_k823/FRA
_2ddc
999 _c31283
_d31283